On Aristotle and Greek tragedy /

Bibliographic Details
Main Author: Jones, John, 1924-
Format: Book
Language:English
Published: New York : Oxford University Press, 1962.
Subjects:

MARC

Tag First Indicator Second Indicator Subfields
LEADER 00000cam a22000001a 4500
001 in00000632813
005 20151015053827.0
008 730220s1962 nyu 00010 engm
010 |a  62051711  
035 |a (OCoLC)00307476 
035 |9 ACU6520AM 
040 |a DLC  |c DLC  |d m.c.  |d TXA  |d UtOrBLW 
049 |a TXAM  |c [1653555] 
050 0 0 |a PA3131  |b .J6 
082 0 |a 882.09 
100 1 |a Jones, John,  |d 1924- 
245 1 0 |a On Aristotle and Greek tragedy /  |c [by] John Jones. 
264 1 |a New York :  |b Oxford University Press,  |c 1962. 
300 |a 284 pages ;  |c 23 cm. 
336 |a text  |b txt  |2 rdacontent 
337 |a unmediated  |b n  |2 rdamedia 
338 |a volume  |b nc  |2 rdacarrier 
600 0 0 |a Aristotle.  |t Poetics. 
650 0 |a Greek drama (Tragedy)  |x History and criticism. 
999 |a MARS 
999 f f |s 1a0cc544-a326-33b2-bb6a-1a32510ccd92  |i b903cfa1-60f2-33fc-8119-ba33fbfc33d8  |t 0 
952 f f |p ric  |a Texas A&M University  |b Rellis Campus  |c Joint Library Facility  |s JLF  |d Remote Storage  |t 0  |e PA3131 .J6  |h Library of Congress classification  |i unmediated -- volume  |m A14803543389 
998 f f |a PA3131 .J6  |t 0  |l Remote Storage